|
|
|
|
| LEADER |
00000nam0a2200000 4500 |
| 001 |
319161 |
| 005 |
20231102003143.0 |
| 035 |
|
|
|a (RuTPU)RU\TPU\book\344666
|
| 090 |
|
|
|a 319161
|
| 100 |
|
|
|a 20160521d1908 m y0rusy50 ca
|
| 101 |
1 |
|
|a rus
|c ger
|
| 102 |
|
|
|a RU
|
| 105 |
|
|
|a a j 000zy
|
| 200 |
1 |
|
|a Руководство к исследованию паровых машин и котлов
|e пособие для практиков и учащихся
|e пер. с нем.
|e с 36 фигурами в тексте
|f Ф. Зейферт
|g пер. Л. А. Боровича
|
| 210 |
|
|
|a Санкт-Петербург
|c Склад издания у Г. В. Гольстена
|d 1908
|
| 215 |
|
|
|a 67 с.
|c ил.
|
| 300 |
|
|
|a Текст в русской дореформенной орфографии
|
| 606 |
1 |
|
|a Паровые машины
|2 stltpush
|3 (RuTPU)RU\TPU\subj\48239
|9 67116
|
| 610 |
1 |
|
|a руководства
|
| 610 |
1 |
|
|a учебные пособия
|
| 610 |
1 |
|
|a паровые котлы
|
| 610 |
1 |
|
|a исследования
|
| 675 |
|
|
|a 621.1(07)
|v 4
|
| 700 |
|
1 |
|a Зейферт
|b Ф.
|g Франц
|
| 702 |
|
1 |
|a Борович
|b Л. А.
|4 730
|
| 801 |
|
1 |
|a RU
|b 63413507
|c 20160521
|
| 801 |
|
2 |
|a RU
|b 63413507
|c 20200928
|g RCR
|
| 942 |
|
|
|c BK
|